Представление документа в формате MARC21

ПолеНазваниеЗначение
  Тип записи a
  Библиографический уровень m
001 Контрольный номер RU\infra-m\znanium\bibl\2235096
005 Дата корректировки 20260429142133.0
008 Кодируемые данные 260120s2025 RU g rus u
020 Индекс ISBN __
a ISBN 978-5-9614-2462-1
040 Источник каталогиз. __
a Служба первич. каталог. Общество с ограниченной ответственностью «ЗНАНИУМ»
041 Код языка издания __
a Код языка текста rus
044 Код страны публикации __
a Код страны публикации RU
080 Индекс УДК __
a Индекс УДК 331
084 Индекс другой классификации/Индекс ББК __
2 Источник индекса rubbk
a Индекс другой классификации/Индекс ББК 6524
084 Индекс другой классификации/Индекс ББК __
2 Источник индекса okso
a Индекс другой классификации/Индекс ББК 38.03.02
084 Индекс другой классификации/Индекс ББК __
2 Источник индекса okso
a Индекс другой классификации/Индекс ББК 38.03.03
100 Автор __
a Автор Шервин Д.
q Полное имя Шервин Дэвид
245 Заглавие __
a Заглавие Как создать настоящую команду: Алгоритмы и процедуры, повышающие эффективность работы
b Продолж. заглавия Практическое пособие
250 Сведения об издании __
a Основные сведения об издании 1
260 Выходные данные __
a Место издания Москва
b Издательство ООО "Альпина Паблишер"
c Дата издания 2026
300 Физическое описание __
a Объем 184 с.
520 Аннотация __
a Аннотация Каждому руководителю ясно какие преимущества дают взаимопонимание и командная работа. Неясно только как именно этого добиться. Эксперты по работе в команде Мэри и Дэвид Шервин говорят что существуют общие алгоритмы которые повысят согласованность действий оптимизируют процесс принятия решений и существенно оздоровят повседневную рабочую среду. Алгоритмы о которых идет речь в книге помогут коллегам сформировать общую точку зрения совместно принимать решения в серьезных ситуациях и в итоге превратиться в настоящую команду. Книга адресована участникам любых команд работающих в различных сферах.
521 Примеч. о цел. назн. __
a Примеч. о целев. назн. Профессиональное образование
650 Тематические рубрики __
a Основная рубрика Управление (менеджмент)
x Основная подрубрика Корпоративное управление
655 Указ. предметных рубрик (устаревшее) __
a Жанр/ форма (устаревшее) Практическое пособие
700 Другие авторы __
a Другие авторы Шервин М.
q Полное имя Шервин Мэри
856 Электронный адрес документа 4_
a Имя сервера/домена znanium.ru
m Помощь ebs_support@infra-m.ru
n Местонахождение сервера НИЦ ИНФРА-М
u URL https://znanium.ru/catalog/document?id=473471
856 Электронный адрес документа 48
a Имя сервера/домена znanium.ru
d Путь /cover/2235
f Электронное имя 2235096.jpg
q Тип электронного формата image/jpeg
u URL https://znanium.ru/cover/2235/2235096.jpg
911 __
u 0030=https://znanium.ru/catalog/document?id=473471